[Event "Verona op-B"]
[Site "Verona"]
[Date "2017.01.04"]
[Round "4.23"]
[White "Boni, Gianni"]
[Black "Gennari, Andrea"]
[Result "1-0"]
[WhiteElo "1794"]
[BlackElo "1722"]
[PlyCount "115"]
[EventDate "2017.01.02"]
[EventType "swiss"]
[EventRounds "7"]
[EventCountry "ITA"]
[SourceTitle "EXT 2018"]
[Source "ChessBase"]
[SourceDate "2017.10.13"]
[SourceVersion "1"]
[SourceVersionDate "2017.10.13"]
[SourceQuality "1"]

1. b3 Nf6 2. Bb2 d5 3. e3 Bg4 4. Nf3 Nbd7 5. h3 Bh5 6. Be2 e6 7. d3 h6 8. Nbd2 Be7 9. 0-0 0-0 10. a3 c5 11. c4 Bg6 12. e4 dxe4 13. dxe4 Nxe4 14. Nxe4 Bxe4 15. Nd2 Bc6 16. Qc2 Bf6 17. Bf3 Bxb2 18. Qxb2 Qc7 19. Rfe1 Rad8 20. Re3 Nf6 21. Rae1 Rd4 22. Bxc6 Qxc6 23. Nf3 Re4 24. Rxe4 Nxe4 25. Ne5 Qd6 26. Rxe4 Qd1+ 27. Kh2 Rd8 28. Nf3 Rd3 29. Re3 Rxe3 30. fxe3 Qd3 31. Qe5 Qxb3 32. Qxc5 b6 33. Qc8+ Kh7 34. c5 bxc5 35. Qxc5 Qb8+ 36. Kh1 Qb1+ 37. Ng1 a6 38. Qa7 Qd3 39. a4 Kg6 40. a5 Qb5 41. Qb6 Qd3 42. Nf3 Qd1+ 43. Kh2 Qf1 44. Qd4 Qb5 45. Qd3+ Qxd3 46. Ne5+ Kf5 47. Nxd3 Ke4 48. Nc5+ Kxe3 49. Nxa6 Kd4 50. Nb4 Kc5 51. Kg3 f5 52. Kf4 g5+ 53. Ke5 g4 54. h4 Kb5 55. a6 Kb6 56. g3 h5 57. Nd3 Kxa6 58. Nf4 1-0

[Event "Mirandola Giovanni Pico 3rd"]
[Site "Mirandola"]
[Date "2010.01.16"]
[Round "4"]
[White "Paoli, Walter"]
[Black "Boni, Gianni"]
[Result "0-1"]
[WhiteElo "2063"]
[BlackElo "1830"]
[PlyCount "134"]
[EventDate "2010.01.15"]
[EventType "swiss"]
[EventRounds "5"]
[EventCountry "ITA"]
[SourceTitle "EXT 2024"]
[Source "ChessBase"]
[SourceDate "2023.10.10"]
[SourceVersion "1"]
[SourceVersionDate "2023.10.10"]
[SourceQuality "1"]

1. e4 b6 2. d4 Bb7 3. Bd3 e6 4. Nf3 d6 5. Bf4 Nd7 6. Qe2 Ngf6 7. Nbd2 Be7 8. 0-0 h6 9. Ba6 Bxa6 10. Qxa6 0-0 11. Qd3 c5 12. c3 Qc7 13. d5 Ne5 14. Bxe5 dxe5 15. dxe6 fxe6 16. Nc4 Nd7 17. Rad1 Rad8 18. Ncd2 Rfe8 19. c4 Nb8 20. Qe2 Nc6 21. Nb1 Rxd1 22. Rxd1 Nd4 23. Nxd4 exd4 24. Nd2 e5 25. Nf3 Qd6 26. Ne1 Rf8 27. a4 Qg6 28. Nd3 Qe6 29. b3 Bg5 30. h3 Rf6 31. Qg4 Qxg4 32. hxg4 Re6 33. g3 Be7 34. Kg2 Bd6 35. Rh1 Rg6 36. f3 Re6 37. Rh5 g5 38. Rh1 Kf7 39. a5 Bc7 40. axb6 axb6 41. Ra1 Ke7 42. Ra8 Kd7 43. Ra7 Re8 44. b4 Kc6 45. bxc5 Rc8 46. cxb6 Kxb6 47. Ra4 Bd6 48. c5+ Bxc5 49. Nxe5 Kb5 50. Ra2 Bb4 51. f4 Re8 52. Kf3 gxf4 53. gxf4 Rd8 54. Nd3 Kc4 55. Nxb4 Kxb4 56. e5 Kb3 57. Rd2 Kc3 58. Ke2 Rg8 59. Rd3+ Kc4 60. Rg3 Kd5 61. Kd3 Ra8 62. Kd2 Ke4 63. e6 Kxf4 64. Rd3 Ra2+ 65. Kd1 Ke4 66. Rd2 Ra1+ 67. Kc2 Kd5 0-1

[Event "Mirandola Giovanni Pico op 2nd"]
[Site "Mirandola"]
[Date "2009.01.10"]
[Round "3"]
[White "Boni, Gianni"]
[Black "Solinas, Roberto"]
[Result "0-1"]
[WhiteElo "1883"]
[BlackElo "1773"]
[PlyCount "124"]
[EventDate "2009.01.09"]
[EventType "swiss"]
[EventRounds "5"]
[EventCountry "ITA"]
[SourceTitle "EXT 2011"]
[Source "ChessBase"]
[SourceDate "2010.11.26"]
[SourceVersion "1"]
[SourceVersionDate "2010.11.26"]
[SourceQuality "1"]

1. b3 b6 2. Bb2 Bb7 3. e3 Nf6 4. Nf3 d6 5. d3 Nbd7 6. Nbd2 g6 7. g4 e5 8. g5 Ng8 9. Rg1 Bg7 10. Bg2 f5 11. Qe2 Qe7 12. 0-0-0 Qe6 13. e4 Ne7 14. Rde1 0-0-0 15. d4 f4 16. d5 Qf7 17. Nc4 Kb8 18. Qd2 Nc5 19. b4 Na6 20. Rd1 Qe8 21. Kb1 Qa4 22. Bc3 Ka8 23. Nb2 Qd7 24. Bf1 Nc8 25. Be2 Nb8 26. Qe1 Ba6 27. Bxa6 Nxa6 28. Qe2 Kb7 29. Qc4 Nb8 30. Be1 a6 31. Rd3 Na7 32. Rc3 Nb5 33. Rd3 Rhe8 34. Qb3 c6 35. a4 Nd4 36. Nxd4 exd4 37. f3 cxd5 38. Qxd5+ Ka7 39. Bf2 Nc6 40. Qb3 Qe6 41. Nc4 b5 42. axb5 axb5 43. Qa2+ Kb8 44. Na5 Qxa2+ 45. Kxa2 Nxb4+ 46. Kb3 Nxd3 47. cxd3 Rc8 48. Ra1 Rc3+ 49. Kb4 Kc7 50. Nb3 Rb8 51. Bxd4 Rxb3+ 52. Kxb3 Bxd4 53. Rc1+ Kb6 54. h4 Rb7 55. Rh1 Rc7 56. h5 Rc3+ 57. Ka2 Rxd3 58. hxg6 hxg6 59. Rh6 Rxf3 60. Rxg6 Be5 61. Re6 Kc5 62. Re8 Rg3 0-1

[Event "Mirandola Giovanni Pico op 1st"]
[Site "Mirandola"]
[Date "2008.01.13"]
[Round "5"]
[White "Boni, Gianni"]
[Black "Dionigi, Riccardo"]
[Result "1-0"]
[WhiteElo "1778"]
[BlackElo "1554"]
[PlyCount "65"]
[EventDate "2008.01.11"]
[EventType "swiss"]
[EventRounds "5"]
[EventCountry "ITA"]
[SourceTitle "EXT 2009"]
[Source "ChessBase"]
[SourceDate "2008.11.26"]
[SourceVersion "1"]
[SourceVersionDate "2008.11.26"]
[SourceQuality "1"]

1. b3 d5 2. Bb2 e6 3. e3 Nd7 4. Nf3 Ngf6 5. d4 c5 6. Nbd2 Qc7 7. Bd3 Bd6 8. c4 0-0 9. h3 a6 10. 0-0 Rb8 11. Qc2 h6 12. Rac1 b6 13. cxd5 Nxd5 14. Qb1 Qa7 15. Nc4 Bc7 16. dxc5 Nxc5 17. Bh7+ Kh8 18. Nce5 Qb7 19. Ng4 h5 20. Nge5 Nf6 21. Bc2 Bd7 22. b4 Bb5 23. bxc5 Bxf1 24. c6 Qc8 25. Rxf1 Bd6 26. Rd1 Qc7 27. Nd7 Nxd7 28. cxd7 Rbd8 29. Rd4 Be7 30. Qd1 Bf6 31. Qd3 g6 32. Rc4 Qxc4 33. Bxf6+ 1-0

[Event "Rivarolo Mantovano Weekend 5th"]
[Site "Rivarolo Mantovano"]
[Date "2007.10.14"]
[Round "4"]
[White "Boni, Gianni"]
[Black "Zuccaro, Guido"]
[Result "1-0"]
[WhiteElo "1730"]
[BlackElo "1836"]
[PlyCount "69"]
[EventDate "2007.10.12"]
[EventType "swiss"]
[EventRounds "5"]
[EventCountry "ITA"]
[SourceTitle "EXT 2010"]
[Source "ChessBase"]
[SourceDate "2010.11.25"]
[SourceVersion "1"]
[SourceVersionDate "2010.11.25"]
[SourceQuality "1"]

1. b3 d5 2. Bb2 e6 3. e3 Nf6 4. d3 Bd6 5. Nf3 0-0 6. Nbd2 c5 7. Ne5 Qc7 8. f4 Nc6 9. Nxc6 Qxc6 10. Qf3 Be7 11. Be2 b5 12. h4 Bb7 13. h5 h6 14. Qg3 d4 15. e4 a5 16. Bf3 Qc7 17. Qh2 Kh7 18. Ke2 Rad8 19. Rhg1 Ba6 20. e5 Ng8 21. g4 c4 22. Be4+ Kh8 23. Bc1 cxd3+ 24. Bxd3 Bb4 25. Ne4 Bb7 26. Qg3 f6 27. Rg2 fxe5 28. fxe5 Rd7 29. Rf2 Rdf7 30. Rxf7 Rxf7 31. g5 Rf5 32. Bf4 Rf7 33. gxh6 Bf8 34. Nd6 Rxf4 35. Qxf4 1-0

[Event "Padova Weekend op-B 8th"]
[Site "Padova"]
[Date "2005.12.18"]
[Round "6.23"]
[White "Pelosin, Matteo"]
[Black "Boni, Gianni"]
[Result "1/2-1/2"]
[WhiteElo "1769"]
[BlackElo "1640"]
[PlyCount "100"]
[EventDate "2005.12.10"]
[EventType "swiss"]
[EventRounds "6"]
[EventCountry "ITA"]
[SourceTitle "EXT 2024"]
[Source "ChessBase"]
[SourceDate "2023.10.10"]
[SourceVersion "1"]
[SourceVersionDate "2023.10.10"]
[SourceQuality "1"]

1. e4 b6 2. d4 Bb7 3. Bd3 g6 4. Nf3 Bg7 5. 0-0 e6 6. Be3 d6 7. c3 Ne7 8. Na3 Nd7 9. Nc2 0-0 10. Qd2 c5 11. Bh6 Qc7 12. h4 c4 13. Be2 Bxe4 14. Bxg7 Kxg7 15. Ne3 Bxf3 16. gxf3 d5 17. Ng4 Ng8 18. h5 Ndf6 19. Qg5 Nxg4 20. Qxg4 Nf6 21. h6+ Kxh6 22. Qh4+ Nh5 23. f4 Qxf4 24. Qh3 Kg7 25. Bxh5 gxh5 26. Qxh5 Qf5 27. Qe2 Qg5+ 28. Kh2 Qh4+ 29. Kg2 Qe4+ 30. Qxe4 dxe4 31. Kg3 f5 32. Kf4 Kf6 33. Rh1 Rg8 34. Rxh7 Rg4+ 35. Ke3 Rg7 36. Rah1 Rag8 37. R1h6+ Kf7 38. Kf4 Rxh7 39. Rxh7+ Kf6 40. Rh6+ Rg6 41. Rh7 Rg4+ 42. Ke3 Rg7 43. Rh6+ Ke7 44. Kf4 Kd6 45. Rh8 Rd7 46. Rh6 b5 47. Rh8 Rb7 48. Rd8+ Kc7 49. Re8 Rb6 50. Re7+ Kb8 1/2-1/2